Boss de The Legend of Zelda: Echoes of Wisdom par images - Statistiques

Statistiques générales
  • Ce quiz a été pris 8 fois
  • Le résultat moyen est 6 sur 9
Statistiques - réponses
Par images Réponse % Correct
Écho de Zelda
100%
Ganon
100%
Gohma
88%
Nihil
88%
Volcania
63%
Gigarok
38%
Pyroglaz
38%
Taupriffon
38%
Invortex
25%
Aucun quiz correspondant
Distribution des résultats
% des personnes avec chaque résultat
Percentile par nombre de réponses
Votre historique - résultats
Vous n’avez pas pris ce quiz